[Event "Berlin-ch Seniors op 24th"]
[Site "Berlin"]
[Date "2008.02.25"]
[Round "5"]
[White "Scholz, Detlef"]
[Black "Hahn, Wolfgang"]
[Result "0-1"]
[WhiteElo "1391"]
[BlackElo "1535"]
[PlyCount "78"]
[EventDate "2008.02.21"]
[EventType "swiss"]
[EventRounds "9"]
[EventCountry "GER"]
[SourceTitle "EXT 2022"]
[Source "ChessBase"]
[SourceDate "2021.10.06"]
[SourceVersion "1"]
[SourceVersionDate "2021.10.06"]
[SourceQuality "1"]

1. e4 c6 2. Nc3 d5 3. d4 dxe4 4. Nxe4 Nf6 5. Nxf6+ exf6 6. Bc4 Bd6 7. Qe2+ Qe7 8. Be3 Bf5 9. Nf3 0-0 10. 0-0 Qc7 11. h3 Nd7 12. Nh4 Bg6 13. Qg4 Nb6 14. Nxg6 hxg6 15. Bb3 g5 16. c4 Be7 17. Qh5 g6 18. Qf3 Rad8 19. Rac1 Qd7 20. Rfd1 f5 21. d5 f4 22. Bxb6 axb6 23. dxc6 Qxc6 24. Qc3 Bf6 25. Qc2 f3 26. Rd5 fxg2 27. Rcd1 Qe6 28. Kxg2 g4 29. Qd3 gxh3+ 30. Qxh3 Qe4+ 31. Kg1 Kg7 32. Kf1 Rh8 33. f3 Qf4 34. Qg2 Rxd5 35. cxd5 Rh2 36. Qg4 Qe3 37. Qg3 Bg5 38. Qe5+ Qxe5 39. d6 Qe2+ 0-1

[Event "Berlin-ch Seniors op 24th"]
[Site "Berlin"]
[Date "2008.02.22"]
[Round "2"]
[White "Windmueller, Werner"]
[Black "Scholz, Detlef"]
[Result "1-0"]
[WhiteElo "1663"]
[BlackElo "1391"]
[PlyCount "55"]
[EventDate "2008.02.21"]
[EventType "swiss"]
[EventRounds "9"]
[EventCountry "GER"]
[SourceTitle "EXT 2022"]
[Source "ChessBase"]
[SourceDate "2021.10.06"]
[SourceVersion "1"]
[SourceVersionDate "2021.10.06"]
[SourceQuality "1"]

1. d4 d5 2. e3 Nf6 3. c4 e6 4. a3 b6 5. Nc3 Bb7 6. f3 Nbd7 7. b3 Be7 8. Bb2 0-0 9. Bd3 c5 10. Nge2 Qc7 11. Nb5 Qd8 12. 0-0 a6 13. Nbc3 Re8 14. f4 Ng4 15. Bc1 f5 16. cxd5 g6 17. dxe6 Nf8 18. h3 Nf6 19. Bb2 Nxe6 20. Bc4 Bd6 21. dxc5 Bxc5 22. Nd4 Bd5 23. Nxd5 Nxd5 24. Nxe6 Bxe3+ 25. Kh1 Qh4 26. Qxd5 Ra7 27. Qe5 b5 28. Qh8+ 1-0

[Event "Berlin-ch Seniors op 24th"]
[Site "Berlin"]
[Date "2008.02.21"]
[Round "1"]
[White "Scholz, Detlef"]
[Black "Walter, Guenter1111"]
[Result "0-1"]
[WhiteElo "1391"]
[BlackElo "1786"]
[PlyCount "80"]
[EventDate "2008.02.21"]
[EventType "swiss"]
[EventRounds "9"]
[EventCountry "GER"]
[SourceTitle "EXT 2022"]
[Source "ChessBase"]
[SourceDate "2021.10.06"]
[SourceVersion "1"]
[SourceVersionDate "2021.10.06"]
[SourceQuality "1"]

1. d4 Nf6 2. Nf3 e6 3. c4 c5 4. d5 exd5 5. cxd5 Bd6 6. Nc3 Bc7 7. e4 d6 8. Bd2 0-0 9. Be2 Re8 10. Bg5 a6 11. 0-0 Nbd7 12. Nd2 h6 13. Bh4 b5 14. Bf3 Ne5 15. Be2 Ba5 16. Rc1 Ra7 17. Re1 Ng6 18. Bxf6 Qxf6 19. Bf3 Rae7 20. Nb3 Bb6 21. Qe2 c4 22. Nd2 Nf4 23. Qf1 Nd3 24. e5 Rxe5 25. Nde4 Qd8 26. Rc2 Nxe1 27. Qxe1 f5 28. Re2 fxe4 29. Bxe4 Bg4 30. Rd2 Qe7 31. Kf1 Rxe4 32. Nxe4 Qxe4 33. Qxe4 Rxe4 34. f3 Rf4 35. Ke2 Bd7 36. g3 Rd4 37. g4 b4 38. Rc2 Bb5 39. Ke1 Rxd5 40. Re2 c3 0-1